[Event "Challenge"]
[Site "http://www.queenalice.com/game.php?id=966754"]
[Date "2011.7.30"]
[Round "-"]
[White "shanforchess"]
[Black "gisa2010"]
[Result "1-0"]
[WhiteElo "1259"]
[BlackElo "1225"]

1. Nf3 b6 2. Nc3 Bb7 3. d4 Nf6 4. e3 d5 5. Bb5+ c6 6. Bd3 Ba6 7. Bxa6 Nxa6 8.
O-O g6 9. Ne5 Rc8 10. a3 Ne4 11. Nxe4 f6 12. Nxf6+ exf6 13. b3 Bh6 14. c4 dxc4
15. Nxc4 O-O 16. b4 b5 17. Nb2 Nc7 18. Nd3 Nd5 19. a4 bxa4 20. Qxa4 Qe7 21. Ba3
Nc3 22. Qb3+ Kg7 23. Qxc3 a6 24. Nc5 Ra8 25. f3 Bxe3+ 26. Kh1 Bg5 27. Rae1 Qd6
28. Ne6+ Kf7 29. Nxf8 Kxf8 30. Qb2 Rd8 31. Qe2 Qxd4 32. Qe7+ Kg8 33. Qe6+ Kg7
34. Qe7+ Kh6 35. h3 Qd3 36. Bc1 Rb8 37. Bxg5+ fxg5 38. Qe5 Rxb4 39. Qg3 a5 40.
Re4 Rb3 41. h4 Qxf1+ 42. Kh2 Qc1 43. hxg5+ Kg7 44. Qe5+ Kf7 45. Qf6+ Kg8 46.
Qe6+ Kf8 47. Qxb3 Qxg5 48. Qb8+ Kf7 49. Qb3+ Kg7 50. Qc3+ Kh6 51. Qe1 Qh5+ 52.
Kg1 a4 53. Qe3+ Qg5 54. Rh4+ Kg7 55. Qd4+ Kf8 56. Rf4+ Ke8 57. Qe4+ Qe7 58.
Qxc6+ Qd7 59. Qxd7+ Kxd7 60. Rxa4 h5 61. Ra6 g5 62. Rg6 h4 63. Rxg5 Kc6 64. f4
h3 65. gxh3 Kd6 66. h4 Ke6 67. h5 Kf6 68. Kg2 Kf7 69. h6 Kf6 70. h7 1-0

[Event "Challenge"]
[Site "http://www.queenalice.com/game.php?id=966797"]
[Date "2011.7.30"]
[Round "-"]
[White "shanforchess"]
[Black "Cosette"]
[Result "0-1"]
[WhiteElo "1236"]
[BlackElo "1328"]

1. Nf3 f6 2. e4 d6 3. Nc3 c6 4. d4 e6 5. e5 dxe5 6. dxe5 f5 7. Qxd8+ Kxd8 8.
Bg5+ Be7 9. O-O-O+ Bd7 10. Bxe7+ Nxe7 11. Ng5 Rg8 12. Nf7+ Ke8 13. Ng5 h6 14.
Nh7 b5 15. Be2 b4 16. Na4 a5 17. Nb6 Ra7 18. Nxd7 Nxd7 19. Bh5+ g6 20. Nf6+ Nxf6
21. Be2 Nfd5 22. Bc4 Nb6 23. Bxe6 Rf8 24. Rd2 Na4 25. Rhd1 Ra8 26. Bd7+ Kf7 27.
b3 Nc5 28. e6+ Kg8 29. f3 a4 30. c3 bxc3 31. b4 cxd2+ 32. Rxd2 Na6 33. b5 Nc5
34. bxc6 Na6 35. c7 Nxc7 36. Rc2 Na6 37. Bc6 Rab8 38. Bxa4 Rbd8 0-1

[Event "Challenge"]
[Site "http://www.queenalice.com/game.php?id=968005"]
[Date "2011.8.2"]
[Round "-"]
[White "shanforchess"]
[Black "sylviamm"]
[Result "1-0"]
[WhiteElo "1244"]
[BlackElo "1216"]

1. Nf3 d5 2. d4 Nc6 3. e3 g6 4. Bb5 a6 5. Bxc6+ bxc6 6. Ne5 Be6 7. O-O Qd6 8.
Nc3 h5 9. a3 Nf6 10. b4 Ne4 11. Nxe4 dxe4 12. Bb2 c5 13. bxc5 Qd5 14. c4 Qb7 15.
Qa4+ Kd8 16. Rad1 Qxb2 17. d5 Bc8 18. Nxf7# 1-0

[Event "Challenge"]
[Site "http://www.queenalice.com/game.php?id=968006"]
[Date "2011.8.2"]
[Round "-"]
[White "shanforchess"]
[Black "gisa2010"]
[Result "0-1"]
[WhiteElo "1256"]
[BlackElo "1274"]

1. Nf3 Nf6 2. Nc3 Nc6 3. e4 g6 4. e5 Nh5 5. Bc4 b6 6. Ng5 e6 7. O-O Nxe5 8. d4
Nxc4 9. b3 Na5 10. Nce4 d5 11. Qf3 dxe4 12. Nxe4 Qxd4 13. Be3 Qe5 14. Ng3 Nb7
15. Nxh5 gxh5 16. Qc6+ Ke7 17. f4 Qxe3+ 18. Kh1 Rg8 19. Rad1 Rg4 20. Qf3 Qc5 21.
b4 Qxb4 0-1

[Event "Challenge"]
[Site "http://www.queenalice.com/game.php?id=969017"]
[Date "2011.8.5"]
[Round "-"]
[White "Cosette"]
[Black "shanforchess"]
[Result "1-0"]
[WhiteElo "1340"]
[BlackElo "1255"]

1. e4 e5 2. Bc4 Nh6 3. d3 Nc6 4. c3 d6 5. Bxh6 gxh6 6. Qf3 Be6 7. Bxe6 fxe6 8.
Qh5+ Kd7 9. b4 Qe8 10. Qd1 d5 11. exd5 exd5 12. Na3 d4 13. b5 Na5 14. Nc2 dxc3
15. Qg4+ Qe6 16. Qxe6+ Kxe6 17. Nf3 c6 18. O-O c5 19. Rae1 Nb3 20. Rxe5+ Kd7 21.
axb3 Bd6 22. Re4 Rae8 23. Rg4 Rhg8 24. Rc4 Re2 25. Nce1 b6 26. Rxc3 Rb2 27. Nc2
Ra2 28. Rd1 Ra5 29. d4 Rxb5 30. d5 a5 31. Re1 a4 32. Na3 Rxb3 33. Rxb3 axb3 34.
Nd2 Rg4 35. Nb5 Bf4 36. Nc4 Bxh2+ 37. Kxh2 Rxc4 38. d6 Rh4+ 39. Kg1 Rb4 40. Re7+
Kc8 41. Na7+ Kb8 42. d7 Kc7 43. Nc6 Kxc6 44. d8=Q b2 45. Qe8+ Kd5 46. Qd8+ Kc4
47. Re4+ Kb5 48. Qe8+ Ka5 49. Qa8+ Kb5 50. Re1 b1=Q 51. Rxb1 Rxb1+ 52. Kh2 c4
53. Qe8+ Ka5 54. Qe4 Rb4 55. Qa8+ Kb5 56. f4 c3 57. Qd5+ Ka4 58. Qd3 Ka3 59.
Qxc3+ Rb3 60. Qa1+ Kb4 61. Qd4+ Ka3 62. f5 1-0

[Event "Challenge"]
[Site "http://www.queenalice.com/game.php?id=969019"]
[Date "2011.8.5"]
[Round "-"]
[White "Cosette"]
[Black "shanforchess"]
[Result "1-0"]
[WhiteElo "1319"]
[BlackElo "1251"]

1. e4 Nc6 2. c3 Ne5 3. d4 Nc6 4. Bc4 e5 5. d5 Nf6 6. f3 Ne7 7. Bg5 h6 8. Bxf6
gxf6 9. Nd2 d6 10. Ne2 f5 11. g3 fxe4 12. fxe4 Ng6 13. h4 Bg4 14. Rf1 Bxe2 15.
Qxe2 Ne7 16. Bb5+ c6 17. dxc6 bxc6 18. Ba6 Qa5 19. Nb3 Qb6 20. Bd3 O-O-O 21.
Ba6+ Kd7 22. Rxf7 d5 23. Rd1 Rg8 24. Bd3 Qg1+ 25. Rf1 Qxg3+ 26. Kd2 h5 27. Rg1
Qxh4 28. exd5 Bh6+ 29. Kc2 Nxd5 30. Qxe5 Rde8 31. Qd4 Qxd4 32. Nxd4 Ne3+ 33. Kb1
Nxd1 34. Rxg8 Rxg8 35. Nf5 Rg1 36. Nxh6 Nxc3+ 37. Kc2 Nd5 38. Bf5+ Kc7 39. a4
Ne3+ 40. Kd2 Nxf5 41. Nxf5 Rg2+ 42. Kc3 Kd7 43. Kc4 Rxb2 44. Nd4 h4 45. Kc5 h3
46. Nf3 1-0

[Event "Challenge"]
[Site "http://www.queenalice.com/game.php?id=969175"]
[Date "2011.8.5"]
[Round "-"]
[White "gisa2010"]
[Black "shanforchess"]
[Result "1-0"]
[WhiteElo "1273"]
[BlackElo "1256"]

1. Nc3 Nf6 2. b3 e5 3. e4 Nc6 4. Nf3 Bb4 5. Nb5 a6 6. Nc3 Bxc3 7. dxc3 d6 8. Bd3
d5 9. exd5 Nxd5 10. Bc4 Nce7 11. Nxe5 c6 12. O-O Qd6 13. f4 Qc5+ 14. Rf2 Nxc3
15. Qd2 Ne4 16. Bxf7+ Kf8 17. Qd8# 1-0

[Event "Challenge"]
[Site "http://www.queenalice.com/game.php?id=969730"]
[Date "2011.8.7"]
[Round "-"]
[White "sylviamm"]
[Black "shanforchess"]
[Result "0-1"]
[WhiteElo "1204"]
[BlackElo "1241"]

1. e4 e5 2. Nf3 Nf6 3. d3 Ng4 4. Be3 Nxe3 5. fxe3 Bb4+ 6. Nbd2 Qe7 7. Qe2 O-O 8.
O-O-O Nc6 9. Nc4 h6 10. a3 Na5 11. Nxa5 g5 12. Nc4 b6 13. axb4 Qxb4 14. Ncxe5 d6
15. Ng4 Bxg4 16. Qd2 Qxd2+ 17. Rxd2 Bxf3 18. gxf3 d5 19. Bh3 dxe4 20. Rf1 exf3
21. Rxf3 h5 22. Bf5 g4 23. Rf4 Kg7 24. h3 Rae8 25. e4 gxh3 26. Rg4+ hxg4 27.
Bxg4 Re5 28. Bxh3 Rh8 29. Bf5 Rh1+ 0-1

[Event "Challenge"]
[Site "http://www.queenalice.com/game.php?id=970111"]
[Date "2011.8.8"]
[Round "-"]
[White "shanforchess"]
[Black "sylviamm"]
[Result "1-0"]
[WhiteElo "1241"]
[BlackElo "1219"]

1. e4 Nf6 2. Nc3 g6 3. e5 Ng4 4. Qxg4 d6 5. Qf3 Bg7 6. Bc4 e6 7. exd6 Qxd6 8.
Qg3 Qd7 9. Nf3 O-O 10. O-O Nc6 11. d3 Nb4 12. Bb3 b6 13. a3 Nd5 14. Nxd5 exd5
15. Ng5 Qf5 16. Qh4 Bh6 17. Qxh6 f6 18. Qxh7# 1-0

[Event "Challenge"]
[Site "http://www.queenalice.com/game.php?id=971670"]
[Date "2011.8.12"]
[Round "-"]
[White "gisa2010"]
[Black "shanforchess"]
[Result "0-1"]
[WhiteElo "1272"]
[BlackElo "1238"]

1. e4 Nc6 2. Nf3 e5 3. Nc3 Bb4 4. Nb5 a6 5. Na3 Bxa3 6. bxa3 Nf6 7. d3 O-O 8.
Bb2 Nd4 9. Nxe5 d6 10. Nc4 Be6 11. Bxd4 Ng4 12. Be2 Bxc4 13. dxc4 c5 14. Bc3 h5
15. h3 Ne5 16. Rb1 Nc6 17. Bxh5 Nd4 18. Rxb7 g6 19. Bg4 Rb8 20. Rb1 Ne6 21. O-O
Rxb1 22. Qxb1 Nf4 23. g3 Ne2+ 24. Bxe2 Qb8 25. Bd2 Qxb1 26. a4 Qxc2 27. Bh6 Rb8
28. Re1 Qxe4 29. g4 Rb1 30. Bc1 f5 31. f3 Qc2 32. h4 Rxc1 33. Kf2 Rxe1 34. Kxe1
Qxa2 35. gxf5 Qxa4 36. h5 gxh5 37. f6 Qd7 38. f4 h4 39. Bf1 Qe6+ 40. Kf2 a5 41.
Bd3 Qxf6 42. Bf1 Qxf4+ 43. Ke2 a4 44. Kd1 a3 45. Kc2 Qg3 46. Kb1 h3 47. Be2 h2
48. Bh5 h1=Q+ 49. Ka2 Qhh2+ 50. Ka1 Qgg1+ 51. Bd1 Qxd1# 0-1

[Event "Challenge"]
[Site "http://www.queenalice.com/game.php?id=971672"]
[Date "2011.8.12"]
[Round "-"]
[White "shanforchess"]
[Black "sylviamm"]
[Result "1-0"]
[WhiteElo "1236"]
[BlackElo "1207"]

1. Nc3 c6 2. Nf3 d5 3. e3 Nf6 4. d4 Ne4 5. Ng5 Nxg5 6. Bd3 g6 7. f4 Ne6 8. O-O
Qa5 9. Qd2 Qd8 10. f5 gxf5 11. Qf2 f4 12. Bf5 Bg7 13. Bxe6 Bxe6 14. exf4 O-O 15.
f5 Bd7 16. Ne2 Qa5 17. c3 e6 18. Bd2 exf5 19. Nc1 Qb5 20. b3 c5 21. dxc5 Re8 22.
Re1 Na6 23. h3 Qxc5 24. Nd3 Qd6 25. Bf4 Qg6 26. Rxe8+ Bxe8 27. Ne5 Qh5 28. Qf3
f6 29. Qxh5 Bxh5 30. Rd1 Bxd1 31. Nf3 Bf8 32. Nd4 Re8 33. Nxf5 Bc5+ 34. Kh2 Bf8
35. Ne3 Bc5 36. Nxd1 Re1 37. Nb2 Re2 38. Nd3 Be3 39. Bxe3 Rxe3 40. Nf4 Rxc3 41.
Nxd5 1-0

[Event "Challenge"]
[Site "http://www.queenalice.com/game.php?id=971795"]
[Date "2011.8.12"]
[Round "-"]
[White "shanforchess"]
[Black "sylviamm"]
[Result "0-1"]
[WhiteElo "1255"]
[BlackElo "1188"]

1. e4 Nf6 2. e5 Nd5 3. Nc3 Nf4 4. Nce2 Nd5 5. d4 c6 6. Nc3 e6 7. Nxd5 cxd5 8.
Bg5 Qxg5 9. Nf3 Qg4 10. h3 Qe4+ 11. Qe2 Qf5 12. Qd3 g6 13. Qxf5 exf5 14. O-O-O
d6 15. Bb5+ Nc6 16. Bxc6+ bxc6 17. exd6 Bxd6 18. Rhe1+ Be6 19. Ne5 Ke7 20. Nxc6+
Kd7 21. Ne5+ Ke7 22. Nc6+ Kd7 23. Ne5+ Kc7 24. Nd3 Rae8 25. g3 f4 26. gxf4 Re7
27. Ne5 Rhe8 28. Nd3 Bxh3 29. Rxe7+ Rxe7 30. Re1 Bf5 31. Rxe7+ Bxe7 32. Nb4 Bxb4
0-1

[Event "Challenge"]
[Site "http://www.queenalice.com/game.php?id=971796"]
[Date "2011.8.12"]
[Round "-"]
[White "sylviamm"]
[Black "shanforchess"]
[Result "0-1"]
[WhiteElo "1236"]
[BlackElo "1224"]

1. Nf3 d5 2. d4 e6 3. g3 Nf6 4. Ne5 Nfd7 5. Nc3 Nxe5 6. dxe5 Nc6 7. Bg2 Be7 8.
Bxd5 exd5 9. Nxd5 O-O 10. c4 Bc5 11. O-O Re8 12. Qd2 Nxe5 13. Qc3 Bh3 14. Nf6+
Qxf6 15. Re1 Qxf2+ 16. Kh1 Qg2# 0-1

[Event "Challenge"]
[Site "http://www.queenalice.com/game.php?id=974651"]
[Date "2011.8.19"]
[Round "-"]
[White "shanforchess"]
[Black "sylviamm"]
[Result "1-0"]
[WhiteElo "1240"]
[BlackElo "1203"]

1. Nc3 Nc6 2. e4 Nf6 3. d3 g6 4. Nf3 Bg7 5. d4 d6 6. Bb5 O-O 7. Bxc6 bxc6 8. Ng5
Bg4 9. Ne2 Qd7 10. O-O h6 11. Nh3 Nxe4 12. f3 Bxd4+ 13. Qxd4 Nc5 14. fxg4 Qe6
15. b4 Ne4 16. Bb2 Qxg4 17. Qg7# 1-0

[Event "Challenge"]
[Site "http://www.queenalice.com/game.php?id=974652"]
[Date "2011.8.19"]
[Round "-"]
[White "gisa2010"]
[Black "shanforchess"]
[Result "1-0"]
[WhiteElo "1214"]
[BlackElo "1287"]

1. g3 Nc6 2. Nf3 Nf6 3. Bh3 e5 4. e4 d5 5. exd5 Qxd5 6. Bg2 Nd4 7. Nc3 Nxf3+ 8.
Bxf3 Qe6 9. b4 Qc4 10. h4 Bxb4 11. Qe2 Qxe2+ 12. Bxe2 Bxc3 13. dxc3 Bg4 14. Bb5+
Bd7 15. Bd3 O-O-O 16. a4 Rhe8 17. O-O e4 18. Bb5 Bxb5 19. Re1 Bc4 20. Rb1 Nd5
21. Bb2 Nf6 22. f3 exf3 23. Ba3 Rxe1+ 24. Rxe1 Re8 25. Rb1 Ba2 26. Rf1 Bc4 27.
Rxf3 Re1+ 28. Kh2 Ng4+ 29. Kh3 Ne5 30. h5 Nxf3 31. Kg2 Bd5 32. Kf2 Ra1 33. Bc5
b6 34. Bf8 Ra2 35. Bxg7 Rxc2+ 36. Ke3 Rc1 37. c4 Rxc4 38. Kd3 Rxa4 39. g4 Ne1+
40. Kc3 1-0

[Event "Challenge"]
[Site "http://www.queenalice.com/game.php?id=975234"]
[Date "2011.8.21"]
[Round "-"]
[White "gisa2010"]
[Black "shanforchess"]
[Result "0-1"]
[WhiteElo "1255"]
[BlackElo "1242"]

1. e4 e5 2. Nf3 Nc6 3. d4 Nf6 4. dxe5 Nxe4 5. Bd3 d6 6. Bxe4 dxe5 7. Nbd2 Bd6 8.
b3 O-O 9. Nc4 Bb4+ 10. Nfd2 Bc5 11. O-O Bd4 12. Ba3 g6 13. Ne3 Bxe3 14. fxe3 Bf5
15. Bf3 e4 16. Be2 Re8 17. c4 Qg5 18. Qc2 Qxe3+ 19. Rf2 Nd4 20. Qd1 Nxe2+ 21.
Kf1 Nc3 22. Qc2 Rad8 23. h4 Qg3 24. c5 e3 25. Qxc3 Qxf2# 0-1

[Event "Challenge"]
[Site "http://www.queenalice.com/game.php?id=975341"]
[Date "2011.8.21"]
[Round "-"]
[White "shanforchess"]
[Black "gisa2010"]
[Result "0-1"]
[WhiteElo "1268"]
[BlackElo "1233"]

1. e4 Nf6 2. Nc3 e5 3. Nf3 b6 4. Nxe5 d6 5. Nc4 Bb7 6. Ne2 Bxe4 7. d3 Bd5 8. Ne3
Be6 9. Nd4 g6 10. Nxe6 fxe6 11. Ng4 d5 12. Nxf6+ Ke7 13. Bg5 h6 14. Ng4+ hxg5
15. Ne5 Rg8 16. Qg4 d4 17. Qxg5+ Ke8 18. Qxd8+ Kxd8 19. O-O-O Na6 20. Nc6+ Kd7
21. Nxd4 e5 22. Nf3 Rg7 23. d4 exd4 24. Bxa6 Rb8 25. Ne5+ Kd6 26. Nc4+ Kd5 27.
c3 b5 28. Rxd4+ Kc6 29. Rhd1 bxc4 0-1

[Event "Challenge"]
[Site "http://www.queenalice.com/game.php?id=977140"]
[Date "2011.8.26"]
[Round "-"]
[White "shanforchess"]
[Black "WillExZ"]
[Result "0-1"]
[WhiteElo "1220"]
[BlackElo "1348"]

1. e4 e6 2. Nf3 g5 3. Nc3 g4 4. Ne5 Bd6 5. d4 Qh4 6. g3 Qf6 7. Nxg4 Qe7 8. e5
Bb4 9. a3 Ba5 10. Qf3 Nc6 11. b4 Nxd4 12. Qd1 b6 13. bxa5 Bb7 14. Rg1 c5 0-1

[Event "Challenge"]
[Site "http://www.queenalice.com/game.php?id=977876"]
[Date "2011.8.28"]
[Round "-"]
[White "gisa2010"]
[Black "shanforchess"]
[Result "0-1"]
[WhiteElo "1208"]
[BlackElo "1274"]

1. e4 Nf6 2. f3 d5 3. Bb5+ Bd7 4. Nc3 Bxb5 5. Nxb5 dxe4 6. fxe4 Nxe4 7. b4 a6 8.
Nd4 Qxd4 9. Rb1 Nc6 10. Ne2 Qf2# 0-1